| 000 | 00997nam a22002417a 4500 | ||
|---|---|---|---|
| 005 | 20090119143636.0 | ||
| 008 | 090119t xxu||||| |||| 00| 1 eng d | ||
| 010 | _aB-357779 | ||
| 020 |
_a978812372050X _c15.00 |
||
| 035 | _aB-357779 | ||
| 037 | _bTarun Books | ||
| 040 |
_adpl _bEnglish |
||
| 082 | _aS | ||
| 100 | _aDharmarajan, Geeta | ||
| 245 |
_aRed kite / _cby Geeta Dharmarajan, illustrated by S. Sen Roy |
||
| 260 |
_aNew Delhi _bNational Book Trust _c2008 (repr.) |
||
| 270 |
_aA-5 Green Park _bNew Delhi _e110016 |
||
| 300 |
_aUnpaged : _bcol. photos _c18cm. (pbk) |
||
| 700 | _aRoy, S. Sen | ||
| 942 |
_2ddc _cCH _hS _mDHA |
||
| 999 |
_c21366 _d21366 |
||